Т. 6 : Изобретения и технологии; Оксфордская иллюстрированная энциклопедия

Détails bibliographiques
Parent link:Оксфордская иллюстрированная энциклопедия: в 9 т./ гл. ред. Т. Л. Комарова. Т. 6 : Изобретения и технология.— , 1999 - ..— 5-16-000069-0
Autres auteurs: Финнистон М. Монти
Langue:russe
Publié: 2000
Sujets:
Format: Livre
KOHA link:https://koha.lib.tpu.ru/cgi-bin/koha/opac-detail.pl?biblionumber=14461

MARC

LEADER 00000nam2a2200000 4500
001 14461
005 20231030185708.0
010 |a 5160000755 
010 |a 5-7777-0071-3 
035 |a (RuTPU)RU\TPU\book\14554 
035 |a BOOK00014622 
090 |a 14461 
100 |a 20011209d2000 km y0rusy50 ca 
101 1 |a rus  |c eng 
102 |a RU 
105 |a a f 000zy 
200 0 |a Т. 6 : Изобретения и технологии  |f гл. ред. М. Финнистон 
210 |d 2000 
215 |a 406 с. 
461 1 |0 (RuTPU)RU\TPU\book\99580  |y 5-16-000069-0  |y 5-7777-0065-9  |t Оксфордская иллюстрированная энциклопедия  |o в 9 т.  |o пер. с англ.  |f гл. ред. Т. Л. Комарова  |v Т. 6 : Изобретения и технология  |d 1999 - . 
610 1 |a наука 
610 1 |a техника 
610 1 |a изобретения 
610 1 |a технологии 
610 1 |a ученые 
610 1 |a изобретатели 
610 1 |a биографии 
610 1 |a энциклопедии 
675 |a 608  |v 3 
686 |a Я20  |v LBC/SL-A  |2 rubbk 
702 1 |a Финнистон  |b М.   |g Монти  |4 651 
801 0 |a RU  |b 63413507  |c 20011209  |g PSBO 
801 2 |a RU  |b 63413507  |c 20230628  |g PSBO 
942 |c BK